000 00742nam a2200265 i 4500
001 C2-0292139
003 PPAK
005 20180728024229.0
008 081126s2009 my a|||| ||||| | may d
020 _a9789673032723
040 _aPPAK
_beng
_cPPAK
_erda
082 0 4 _a499.2386
_223
090 0 0 _a499.2386
_bAMI
_dK
100 0 _aAminhad,
_eauthor
245 1 0 _aBantin, wira Iban
264 1 _aShah Alam, Selangor :
_bMarshall Carvendish ,
_c2009
300 _a96 pages :
_billustrations ;
_c21 cm
336 _2rdacontent
_atext
337 _2rdamedia
_aunmediated
338 _2rdacarrier
_avolume
490 1 _aBacaan permata zamrud
650 1 0 _aBahasa Malaysia - Readers.
830 0 _aBacaan permata zamrud
942 _ddc
_cB
999 _c97092
_d97092